| 000 | 01415cam a2200349 4500 | ||
|---|---|---|---|
| 008 | 000000n2001 000 0 eng u | ||
| 020 | _a1842190601 | ||
| 035 | _a(Sirsi) u112439 | ||
| 050 | _a692.3 | ||
| 110 |
_aRoyal Institution of Chartered Surveyors _bProperty Measurement Group _94172 |
||
| 245 |
_aCode of measuring practice _ba guide for surveyors and valuers. RICS code of practice _c[old edition] |
||
| 250 | _a5th ed. | ||
| 260 |
_aLondon _bRICS _c2001 |
||
| 300 |
_a37p. _bill. _c30cm. |
||
| 490 | _aRICS Guidance Note | ||
| 520 | _aEdition published in November 2001 containing errors. Withdrawn 26 November 2001. A corrected version was published in December 2001 (2001/54) | ||
| 520 | _aCeased to be in force from August 2007. Superseded by 6th edition. | ||
| 650 | _aACCURACY | ||
| 650 | _aB1 | ||
| 650 | _aRICS CODE OF MEASURING PRACTICE | ||
| 650 | _aGROSS EXTERNAL AREA | ||
| 650 | _aGROSS INTERNAL AREA | ||
| 650 | _aGROSS EXTERNAL AREA | ||
| 650 | _aGROSS INTERNAL AREA | ||
| 650 |
_aMeasurement _96256 |
||
| 650 | _aNET INTERNAL AREA | ||
| 650 | _aNET INTERNAL AREA | ||
| 690 | _aMAPPING AND MEASUREMENT | ||
| 710 |
_aRoyal Institution of Chartered Surveyors _94900 |
||
| 856 |
_uhttps://www.isurv.com/downloads/file/2480/archive_code_of_measuring_practice_5th_edition_november_2001%E2%80%93august_2007 _zArchived on isurv (subscription required) |
||
| 942 |
_n0 _2ddc |
||
| 999 |
_c101425 _d101425 |
||